|
|
|
|
| LEADER |
01758nam a2200337 a 4500 |
| 001 |
AAL 139 |
| 003 |
BD-DhAAL |
| 005 |
20160209173122.0 |
| 008 |
150128s1990 caua b 101 0 eng |
| 010 |
|
|
|a 90033468
|
| 020 |
|
|
|a 0803936583
|
| 020 |
|
|
|a 0803936591 (pbk.)
|
| 040 |
|
|
|a DLC
|c DLC
|d DLC
|d BD-DhAAL
|
| 050 |
0 |
0 |
|a HD58.8
|b .O735 1990
|
| 082 |
0 |
0 |
|a 658.4/063
|2 20
|
| 999 |
|
|
|c 33512
|d 33512
|
| 999 |
|
|
|c 33512
|
| 245 |
0 |
0 |
|a Organizational evolution :
|b new directions /
|c edited by Jitendra V. Singh.
|
| 260 |
|
|
|a Newbury Park :
|b Sage Publications,
|c c1990.
|
| 300 |
|
|
|a 336 p. :
|b ill. ;
|c 23 cm.
|
| 500 |
|
|
|a Papers from a conference held Dec. 1988, sponsored by the Reginald H. Jones Center for Management Policy, Strategy, and Organization.
|
| 504 |
|
|
|a Includes bibliographical references and indexes.
|
| 541 |
|
|
|e 139
|
| 650 |
|
0 |
|a Organizational change
|x Congresses.
|9 7492
|
| 700 |
1 |
|
|a Singh, Jitendra,
|d 1949-
|9 7493
|
| 710 |
2 |
|
|a Reginald H. Jones Center for Management Policy, Strategy, and Organization.
|9 7494
|
| 942 |
|
|
|2 ddc
|c BK
|
| 952 |
|
|
|0 0
|1 0
|2 ddc
|4 0
|6 658_406300000000000_ORG
|7 0
|9 52353
|a SCL
|b SCL
|c GEN
|d 2015-01-28
|e Gift: The Asia Foundation
|l 0
|o 658.4063 ORG
|p 3020000139
|r 2015-01-28
|t 1
|w 2015-01-28
|y BK
|
| 952 |
|
|
|0 0
|1 0
|2 ddc
|4 0
|6 658_406300000000000_ORG
|7 0
|9 52884
|a SCL
|b SCL
|c GEN
|d 2015-03-04
|e Gift: The Asia Foundation
|l 0
|o 658.4063 ORG
|p 3020000140
|r 2015-03-04
|t 2
|w 2015-03-04
|y BK
|
| 952 |
|
|
|0 0
|1 0
|2 ddc
|4 0
|6 658_406300000000000_ORG
|7 0
|9 52921
|a SCL
|b SCL
|c GEN
|d 2015-03-07
|e Gift: The Asia Foundation
|l 0
|o 658.4063 ORG
|p 3020000138
|r 2015-03-07
|t 3
|w 2015-03-07
|y BK
|
| 952 |
|
|
|0 0
|1 0
|2 ddc
|4 0
|6 658_406300000000000_ORG
|7 0
|9 54376
|a SCL
|b SCL
|c GEN
|d 2015-06-17
|e Gift: The Asia Foundation
|l 0
|o 658.4063 ORG
|p 3020001525
|r 2015-06-17
|t 4
|w 2015-06-17
|y BK
|